• 首页
  • 本馆介绍
  • 公告通知
  • 最新文献
  • 馆藏检索
  • 电子资源
  • 读者导购
  • 参考咨询
  • 我的图书馆
  • 登录
  • 详细信息显示
  • 放入我的书架
  • 预约/预借图书
  • 作者相关作品
  • 分类相关作品
  • 丛书相关作品
  • 出版社相关作品

书目信息

  • 表格格式
  • 工作单格式
  • 卡片格式
题名:
土壤肥料学
    
 
作者: ;北京气象专科学校 编
分册:  
出版信息: 北京   农业出版社  1961
页数: 184页
开本: 19cm
丛书名:
单 册:
中图分类: S1
科图分类:
主题词: 肥料学--专业学校--教材 , 农业科学--专业学校--教材--基础理论
电子资源:
ISBN:
000 00756nam0 2200253 45
001 0179004012
005 20060424100212.15
010    @dCNY0.51
100    @a19950802d1961 em y0chiy0121 ea
101 0  @achi
102    @aCN@b110000
105    @ay z 000yy
200 10 @a土壤肥料学@Atu rang fei liao xue@f北京气象专科学校编@Fbei jing qi xiang zhuan ke xue xiao bian
210    @a北京@c农业出版社@d1961
215    @a184页@d19cm
300    @a农业气象专业用
300    @a中等气象学校交流讲义
606    @a肥料学@x专业学校@x教材
606    @a农业科学@x专业学校@x教材@x基础理论
610 0  @a土壤@a肥料
690    @aS1@v3
711 02 @a北京气象专科学校@Abei jing qi xiang zhuan ke xue xiao@4编
801  0 @aCN@bTSSF@c20060424
905    @a10447@dS1@e2
    
    土壤肥料学/北京气象专科学校编.-北京:农业出版社,1961
    184页;19cm
    农业气象专业用.-中等气象学校交流讲义
    
    ISBN :CNY0.51
    
●
相关链接 在E读中查询图书 在五车中查询图书 在当当中查询图书 在豆瓣中查询图书


正题名:土壤肥料学     索取号:S1/2         预约/预借

序号 登录号 条形码 馆藏地/架位号 状态 备注
1 0017858   202281413   密集书库/ [索取号:S1/2] 在馆    
唐山师范学院图书馆 欢迎您!
大连网信软件有限公司© 版权所有